000 00458nam a2200169Ia 4500
003 LK-CoDNM
005 20240725101725.0
008 010623t1936 xxu||||| |||| 00| 1 eng d
040 _aLK-CoDNM
_dLK-CoDNM
_eLK-CoDNM
041 _aeng
080 _a8
_bGG6
100 _aMarett,J.R.De La.H.
245 _aRace,Sex and Environment
260 _bHutchinson's Scientific and Technical Publications
_aLondon
_c1936
300 _b342p, map ; 23 cm
942 _cBK
999 _c98050
_d98050